000 01949cam a2200433 4500
001 J108398
008 000000n2000 000 0 eng u
035 _a(Sirsi) u108398
050 _a338.4369094
110 _aEuroconstruct
_92964
245 _a49th Euroconstruct conference : trends in the European construction industry : summary.
260 _aLondon
_bConstruction Forecasting and Research Limited
_c2000
300 _a221p. ; 30cm.
350 _a775.00
505 _aEuropean construction outlook to 2002 - Margaret Czerny
505 _aEuropean macroeconomic outlook - Georg Busch
505 _aHousing in Europe - Erich Gluch
505 _aNon-residential construction - Jacquie Cannon
505 _aCivil engineering - Hans Georg Graf
505 _aThe construction sector in Eastern Europe - Anna Gaspar
505 _aConstruction markets of the Baltic countries - Pekka Pajakkala
505 _aConstruction industry in Japan/Asia - Hajime Suzuki
505 _aEnabling housing strategies - Baris Der-Petrossian
505 _aHousing policy : expected changes and trends - Patrick de La Morvonnais
505 _aReforms in Germany : from non-profit organisations to social market strategies - Jurgen Steinert
505 _aConsequences of changes in housing policy inthe Netherlands - A.P. Buur
505 _aChanges in housing policy in the EU : suggestions for Austria - Christian Donner
505 _aThe future of construction and housing construction financing - Erich Rainbacher
505 _aThe Spintab model - Hans Porner
505 _aReal estate and infrastructure financing and the capital market - Bernd Riessland
520 _aThe conference was held in Vienna, 8-9 June. For country reports see J108527
650 _aESTONIA
650 _aLATVIA
650 _aLITHUANIA
650 _aJAPAN
690 _aBUILT ENVIRONMENT
856 _uwww.euroconstruct.com
942 _n0
999 _c100785
_d100785